000 00977cab a2200301 4500
001 ABS48307
008 090401t1993 xxu||||| |||| 00| 0 eng d
035 _a(Sirsi) u66093
041 _aeng
100 _aMarvin, P.
245 _aChain reaction points to more estate agency closures
260 _c1993
350 _a0
490 _aValuer (ISVA)
_v62(2) March 1993, 15(1)
520 _aExamines the problems that have been faced by the financial institutions which bought up estate agencies in the 1980s to create chains, many of which are now selling or closing down these businesses.
650 _aACQUISITIONS
650 _aBRISTOL & WEST
650 _aESTATE AGENCIES
650 _aFINANCIAL INSTITUTIONS
650 _aHALIFAX
650 _aNAEA
650 _aNATIONWIDE
650 _aPRUDENTIAL CORPORATION
650 _aROYAL LIFE ESTATES
690 _aMANAGEMENT-BUSINESS MANAGEMENT-PROFESSIONAL PRACTICE
942 _n0
948 _c04/03/1997
999 _c41308
_d41308